000 00367nam a2200133Ia 4500
008 220214s9999 xx 000 0 und d
022 _a0021-924X
245 0 _aJOURNAL OF BIOCHEMISTRY
260 _bJapanese Biochemical Society, Tokyo
_aJapan
310 _aM
500 _aEnding Volume & Year: 108, 1990
500 _aStarting Volume & Year: 83, 1978
942 _cBJ
999 _c10021
_d10021